| 000 | 00967nam a22002537a 4500 | ||
|---|---|---|---|
| 005 | 20170124102946.0 | ||
| 010 | _aB-074917 | ||
| 020 | _c125.00 | ||
| 035 | _aB-074917 | ||
| 037 | _bCen Lib/Ret | ||
| 040 |
_aDPL _bHN |
||
| 082 |
_a821 _bलाड़द |
||
| 100 |
_aलाड़, दर्शन _949863 |
||
| 245 |
_aमन उपवन : _cदर्शन लाड़ _bगीत मालिका / |
||
| 246 |
_aMan upvan : geet malika / _bby Darshan Lad |
||
| 260 |
_aदिल्ली _bस्वाति अकादमी _c2002 |
||
| 270 |
_bदिल्ली _aबी-5/263, यमुना विहार _e110053 |
||
| 300 |
_a95पृ. _c21सेमी (सजिल्द) |
||
| 650 |
_aहिन्दी -- साहित्य _949864 |
||
| 650 |
_aहिन्दी -- गीत _91301 |
||
| 650 |
_aHindi -- literature _949865 |
||
| 650 |
_aHindi - song _943014 |
||
| 942 |
_2ddc _cHN _h821 _mलाड़द |
||
| 999 |
_c112949 _d112949 |
||